000 00660nam a22002057a 4500
003 OSt
005 20190222055331.0
008 180320b xxu||||| |||| 00| 0 spa d
020 _a9502003764
040 _cPJ
100 _aCondorelli, Epifanio José Luis
_92465
245 1 0 _aDel abuso y la mala fe dentro del proceso /
_cEpifanio L. Condorelli.
260 _aBuenos Aires :
_bAbeledo-Perrot,
_c1986.
300 _a375 p.
_c23 cm.
500 _aCitas y notas bibliográficas a pie de página.
504 _aBibliografía: p. 365-372.
650 0 _9267
_aDERECHO PROCESAL
650 0 _92522
_aABUSO DEL DERECHO
942 _2udc
_cLIB
_h347.933
_iCON
999 _c2372
_d2372